MARC

LEADER 00000nam0a2200000 4500
001 119618
005 20231031124658.0
020 |a RU  |b 80-31077 
035 |a (RuTPU)RU\TPU\book\129474 
090 |a 119618 
100 |a 20070719d1980 m y0rusy5003 ca 
101 0 |a rus 
102 |a RU 
105 |a a j 001zy 
200 1 |a Лекции по квантовой механике для студентов-математиков  |f Л. Д. Фадеев, О. А. Якубовский  |g Ленинградский государственный университет им. А. А. Жданова (ЛГУ) 
210 |a Ленинград  |c Изд-во ЛГУ  |d 1980 
215 |a 200 с.  |c ил. 
610 1 |a квантовая механика 
610 1 |a одномерные частицы 
610 1 |a осциляторы 
610 1 |a трехмерные частицы 
610 1 |a момент импульса 
610 1 |a группа вращений 
610 1 |a функции комплексного переменного 
610 1 |a теорема Лиувилля 
610 1 |a учебные пособия 
675 |a 530.145.6(075.8)  |z rus 
700 1 |a Фаддеев  |b Л. Д.  |g Людвиг Дмитриевич  |4 070 
701 1 |a Якубовский  |b О. А.  |g Олег Александрович  |4 070 
712 0 2 |a Ленинградский государственный университет им. А. А. Жданова (ЛГУ)  |c (1917-1999)  |2 stltpush  |3 (RuTPU)RU\TPU\col\77 
801 0 |a RU  |b RuMRKP  |c 19950704  |g psbo 
801 1 |a RU  |b 63413507  |c 20070719  |g PSBO 
801 2 |a RU  |b 63413507  |c 20080922  |g PSBO 
942 |c BK